000 00540nam a2200169 a 4500
001 000036760
005 20240301185227.0
008 111020q1968 mx 000 0 spa d
040 _aDO-SdBNP
_bspa
_cBNPHU
082 _axxxx
_bM392o
100 1 _aMarx, Karl,
_d1818-1883
_930439
245 1 0 _aObras escogidas :
_ben tres tomos /
_cCarlos Marx, F. Engels.
260 _aMéxico :
_bEdiciones Quinto Sol,
_c1968.
300 _a3 v. ;
_c17 cm.
504 _aIncluye notas al pie de las páginas.
700 1 2 _aEngels, Friedrich,
_d1820-1895
_960306
999 _c36251
_d36251